Structure, style, and interpretation in the Russian short story /

Bibliographic Details
Main Author: O'Toole, L. M. (Lawrence Michael), 1934-
Format: Book
Language:English
Published: New Haven ; London : Yale University Press, 1982.
Subjects:

MARC

Tag First Indicator Second Indicator Subfields
LEADER 00000pam a2200000 a 4500
001 in00000085502
005 20151008061519.0
008 810623s1982 ctu b 00110 eng
010 |a  81011650  
020 |a 0300027303 
035 |a (OCoLC)07596384 
035 |9 AAJ8224AM 
039 0 |a 2  |b 3  |c 3  |d 3  |e 3 
040 |a DLC  |c DLC  |d TXA  |d UtOrBLW 
043 |a e-ur-ru 
049 |a TXAM  |c [1387592] 
050 0 0 |a PG3097  |b .O85 1982 
082 0 |a 891.73/01/09  |2 19 
100 1 |a O'Toole, L. M.  |q (Lawrence Michael),  |d 1934- 
245 1 0 |a Structure, style, and interpretation in the Russian short story /  |c L. Michael O'Toole. 
264 1 |a New Haven ;  |a London :  |b Yale University Press,  |c 1982. 
300 |a viii, 272 pages ;  |c 25 cm. 
336 |a text  |b txt  |2 rdacontent 
337 |a unmediated  |b n  |2 rdamedia 
338 |a volume  |b nc  |2 rdacarrier 
500 |a Includes index. 
504 |a Bibliography: pages [265]-267. 
650 0 |a Short stories, Russian  |x History and criticism. 
650 0 |a Russian fiction  |y 19th century  |x History and criticism. 
740 0 |a Russian short story. 
999 |a MARS 
999 f f |s 2809fab3-5070-3bd5-803a-2f86fd8b4225  |i 64ccbbb0-b407-35b7-8815-f3138a14d59b  |t 0 
952 f f |p ric  |a Texas A&M University  |b Rellis Campus  |c Joint Library Facility  |s JLF  |d Remote Storage  |t 0  |e PG3097 .O85 1982  |h Library of Congress classification  |i unmediated -- volume  |m A14819943961 
998 f f |a PG3097 .O85 1982  |t 0  |l Remote Storage